| 000 | 00683nam a22001937a 4500 | ||
|---|---|---|---|
| 003 | BD-DhUL | ||
| 005 | 20161030134158.0 | ||
| 008 | 161027b bg ||||| |||| 00| 0 ben d | ||
| 040 | _cBD-DhUL | ||
| 082 |
_a891.44301 _bMIS |
||
| 100 | _a মিলাদ, আতাউর রহমান | ||
| 245 |
_aস্বপ্ন ও ছায়া / _c মিলাদ, আতাউর রহমান |
||
| 260 |
_aঢাকা : _bইত্যাদি, _c২০০৭. |
||
| 300 |
_a১৬২ পৃ. ; _c২২ সেমি. |
||
| 650 | _aবাংলা ছোটগল্প | ||
| 650 | _abengali short story | ||
| 700 | _a জাহির, সফিয়া | ||
| 942 |
_2ddc _cBK |
||
| 999 |
_c116976 _d116976 |
||